| 000 | 00893cam a22002775a 4500 | ||
|---|---|---|---|
| 001 | 17768379 | ||
| 005 | 20201128024053.0 | ||
| 008 | 130607t2013 dcua frb 001 0 eng d | ||
| 020 | _a9781464800498 | ||
| 020 | _a1464800499 | ||
| 040 |
_aDLC _beng _cDLC _dDLC _dEG-ScBUE |
||
| 082 | 0 | 4 |
_222 _a338.6048 _bNAL |
| 100 | 1 |
_aNallari, Raj, _d1955- _932149 |
|
| 245 | 1 | 0 |
_aClusters of competitiveness / _cRaj Nallari and Breda Griffith. |
| 260 |
_aWashington : _bThe World Bank, _cc.2013. |
||
| 300 |
_axvi, 129 p. : _bill. ; _c26 cm. |
||
| 490 | 0 | _aDirections in development : private sector development | |
| 504 | _aIncludes bibliographical references and index. | ||
| 650 | 7 |
_aCompetition. _2BUEsh _91911 |
|
| 650 | 7 |
_aEconomic development. _2BUEsh _910495 |
|
| 651 | _2BUEsh | ||
| 653 |
_bBUSECO _cDecember2016 |
||
| 700 | 1 |
_aGriffith, Breda. _932152 |
|
| 710 | 2 | _aWorld Bank. | |
| 942 | _2ddc | ||
| 999 |
_c23566 _d23538 |
||